| 000 | 00527nam a2200193 4500 | ||
|---|---|---|---|
| 003 | OSt | ||
| 005 | 20240702074640.0 | ||
| 006 | a | ||
| 008 | 240702b |||||||| |||| 00| 0 eng d | ||
| 020 | _a971929812 | ||
| 040 |
_aDWCL-HMN lib. _cOC |
||
| 082 | _aFil. 651.504 D671b 2004 | ||
| 100 | _aDomingo, Eduardo S. | ||
| 245 | _aBasic writing skills for nurses / | ||
| 260 |
_aManila : _bBookquick Mktg. , _cc2004 |
||
| 300 |
_aviii, _b119 p. ; _c25 cm. |
||
| 650 | _a1. Writing-Nursing texts. | ||
| 942 |
_2ddc _n0 _cBK - FIL _kFil. |
||
| 999 |
_c1827 _d1827 |
||